| 000 | 00359nam a2200133Ia 4500 | ||
|---|---|---|---|
| 008 | 240624s9999 xx 000 0 und d | ||
| 041 | _aeng | ||
| 082 | _a338.6 HAR | ||
| 100 | _aHARVIE CHARLES | ||
| 245 | _aSMALL AND MEDIUM SIZED ENTERPRISES IN EA | ||
| 260 |
_c2008 _aUnited Kingdom _bEdward Elgar |
||
| 300 | _axx, : 442 : p. : cm. ; 24 | ||
| 365 |
_cGBP _b30 |
||
| 999 |
_c27484 _d27484 |
||